Movies of 2007 Quiz Stats

 Plays Quiz Updated Apr 30, 2018

Also try: Movies of 1995
Challenge
Share
Tweet
Score 0/16 Timer 06:00
20 Plays Today
Picture Movie % Correct
1The Simpsons Movie
97.6%
12Juno
89.4%
4300
83.6%
2I Am Legend
82.4%
3Superbad
81.1%
10Hot Fuzz
63.6%
7No Country for Old Men
51.2%
6There Will Be Blood
45.3%
Picture Movie % Correct
11Ratatouille
43.8%
15Transformers
43.8%
8Into the Wild
40.4%
14American Gangster
30.6%
16Michael Clayton
20.7%
9Eastern Promises
18.8%
5Death Proof
18.5%
13Atonement
14.3%

You're not logged in!

Compare scores with friends on all Sporcle quizzes.
Join for Free
OR
Log In

You Might Also Like...

Show Comments

Extras

Top Quizzes Today


Score Distribution

Your Account Isn't Verified!

In order to create a playlist on Sporcle, you need to verify the email address you used during registration. Go to your Sporcle Settings to finish the process.

Report this User

Report this user for behavior that violates our Community Guidelines.

Details: